Länder i Sydamerika - Statistics

General Stats
  • This quiz has been taken 30 times
  • The average score is 10 of 12
Answers on the Map
Answers color-coded by a green-red scale on the quiz's map according to % correct below.
 
Answer Stats
Länder % Correct
Argentina
100%
Brasilien
100%
Chile
100%
Paraguay
100%
Peru
100%
Uruguay
100%
Bolivia
86%
Colombia
71%
Venezuela
71%
Surinam
57%
Ecuador
43%
Guyana
29%
No matching quizzes found
Score Distribution
Percent of People with Each Score
Percentile by Number Answered
Your Score History
You have not taken this quiz